Faith and identity : (Record n. 27147)

Dettagli MARC
000 -LEADER
fixed length control field 01590nam a2200313 i 4500
003 - CONTROL NUMBER IDENTIFIER
control field IT-RoINE
005 - DATE AND TIME OF LATEST TRANSACTION
control field 20200622094510.0
008 - FIXED-LENGTH DATA ELEMENTS--GENERAL INFORMATION
fixed length control field 921130s1990 xxka |r 000|||eng|d
020 ## - INTERNATIONAL STANDARD BOOK NUMBER
International Standard Book Number 0631171630
040 ## - CATALOGING SOURCE
Original cataloging agency SpMaBN
Transcribing agency SpMaBN IT-RoINE
Modifying agency IT-RoINE
041 0# - LANGUAGE CODE
Language code of text/sound track or separate title eng
-- fre
110 2# - MAIN ENTRY--CORPORATE NAME
Corporate name or jurisdiction name as entry element Commission internationale d'histoire ecclésiastique comparée.
Subordinate unit British Sub-Commission.
-- Anglo-Polish Colloquium
Date of meeting or treaty signing (1986.
Location of meeting Cambridge, Gran Bretaña)
9 (RLIN) 53557
245 1# - TITLE STATEMENT
Title Faith and identity :
Remainder of title christian political experience : papers read at the Anglo-Polish Colloquium of the British Sub-Comission of the Comission Internationale d'Histoire Ecclésiastique Comparée, 9-13 September 1986 /
Statement of responsibility, etc edited by David Loades and Katherine Walsh.
260 ## - PUBLICATION, DISTRIBUTION, ETC. (IMPRINT)
Place of publication, distribution, etc Oxford :
Name of publisher, distributor, etc published for the Ecclesiastical History Society by Basil Blackwell,
Date of publication, distribution, etc 1990.
300 ## - PHYSICAL DESCRIPTION
Extent XIII, 173 p., [16] p. de lám. :
Other physical details il. bl. y n. ;
Dimensions 23 cm.
336 ## - CONTENT TYPE
Source rdacontent
Content type term text
337 ## - MEDIA TYPE
Source rdamedia
Media type term unmediated
338 ## - CARRIER TYPE
Source rdacarrier
Carrier type term volume
490 1# - SERIES STATEMENT
Series statement Studies in church history.
-- Subsidia ;
Volume number/sequential designation 6
504 ## - BIBLIOGRAPHY, ETC. NOTE
Bibliography, etc Incluye referencias bibliográficas en notas.
650 #4 - SUBJECT ADDED ENTRY--TOPICAL TERM
Topical term or geographic name as entry element Cristianismo y política
General subdivision Historia
Form subdivision Congresos
9 (RLIN) 53558
651 #4 - SUBJECT ADDED ENTRY--GEOGRAPHIC NAME
Geographic name Polonia
General subdivision Historia eclesiástica
Form subdivision Congresos
9 (RLIN) 53559
651 #4 - SUBJECT ADDED ENTRY--GEOGRAPHIC NAME
Geographic name Gran Bretaña
General subdivision Historia eclesiástica
Form subdivision Congresos
9 (RLIN) 53560
700 1# - ADDED ENTRY--PERSONAL NAME
Personal name Loades, David,
Dates associated with a name 1934-2016
9 (RLIN) 53561
700 1# - ADDED ENTRY--PERSONAL NAME
Personal name Walsh, Katherine
9 (RLIN) 53562
710 2# - ADDED ENTRY--CORPORATE NAME
Corporate name or jurisdiction name as entry element Ecclesiastical History Society (Birmingham, Gran Bretaña)
9 (RLIN) 53431
830 #0 - SERIES ADDED ENTRY--UNIFORM TITLE
9 (RLIN) 53432
Uniform title Studies in church history.
Name of part/section of a work Subsidia
Volume number/sequential designation 6
942 ## - ADDED ENTRY ELEMENTS (KOHA)
Item type Monografías
Dati di copia
Withdrawn status Lost status Damaged status Not for loan Home library Current library Date acquired Total Checkouts Full call number Barcode Date last seen Price effective from Koha item type
        Iglesia Nacional Española en Roma Iglesia Nacional Española en Roma 18/10/2018   HIS.ECL 689 52800 18/10/2018 18/10/2018 Monografías